000 00477nam a22001577a 4500
003 a
005 20260204145017.0
008 250919b xxu||||| |||| 00| 0 eng d
020 _a978-1-350-42788-4
100 _aBowling, Philip.
245 _aMaking of the modern Philippines (The)
_bpieces of a jigsaw state/
_cPhilip Bowring
260 _aNew York:
_bBloomsbury Academic
_cc2016
300 _a258 pp.
_c224 cm.
600 _2Philippine-History-1898-1946
_91
942 _2ddc
_cBK
999 _c368053
_d368053